[Event "Druzynowe Mistrzostwa Polski - II Liga Seniorow"]
[Site "Ustron/Slaski Zwiazek Szachowy"]
[Date "2008.09.11"]
[Round "5.86"]
[White "Walaszczyk, Witold"]
[Black "Urbanski, Grzegorz"]
[Result "0-1"]
[WhiteTitle "k"]
[BlackTitle "I++"]
[WhiteElo "2247"]
[BlackElo "2158"]

1. d4 Nf6 2. c4 g6 3. Nf3 Bg7 4. g3 O-O 5. Bg2 d6 6. O-O c6 7. Nc3 Qa5 8. h3 e5
9. e4 Nbd7 10. Re1 exd4 11. Nxd4 Ne5 12. Bf1 Re8 13. Rb1 Be6 14. b4 Qc7 15. f4
Bxc4 16. fxe5 dxe5 17. Nf3 Rad8 18. Qc2 Bxf1 19. Rxf1 h6 20. Be3 Nh5 21. Kh2 f5
22. Bf2 f4 23. g4 Nf6 24. Rfd1 h5 25. gxh5 gxh5 26. Rxd8 Qxd8 27. Rd1 Qe7 28.
Bc5 Qe6 29. Bxa7 Ng4+ 30. hxg4 hxg4 31. Ng1 Qh6+ 32. Kg2 f3+ 33. Kf1 g3 34.
Nxf3 Qh1+ 35. Ng1 Rf8+ 36. Ke1 Bf6 37. Qb3+ Kh8 38. Qe6 Bh4 39. Qh6+ Kg8 40.
Rd7 g2+ 41. Kd2 Be1+ 42. Kxe1 Qxh6 43. Bf2 Qc1+ 44. Nd1 Qb1 45. a3 Qxe4+ 46.
Ne3 Ra8 47. Nh3 Rxa3 48. Rd8+ Kg7 49. Kd2 Ra2+ 50. Ke1 Qxb4+ 0-1

[Event "Druzynowe Mistrzostwa Polski - II Liga Seniorow"]
[Site "Ustron/Slaski Zwiazek Szachowy"]
[Date "2008.09.11"]
[Round "5.87"]
[White "Rzepka, Krzysztof"]
[Black "Szadkowski, Krzysztof"]
[Result "1/2-1/2"]
[WhiteTitle "k"]
[BlackTitle "I++"]
[WhiteElo "2208"]
[BlackElo "2132"]

1. d4 Nf6 2. c4 e6 3. Nc3 Bb4 4. g3 c5 5. Nf3 cxd4 6. Nxd4 O-O 7. Bg2 d5 8. O-O
e5 9. Nc2 Bxc3 10. bxc3 dxc4 11. Ba3 Qxd1 12. Rfxd1 Re8 13. Ne3 Nc6 14. Nxc4
Bd7 15. Rab1 Nd8 16. Nd6 Re6 17. Nxb7 Nxb7 18. Rxb7 Bc6 19. Bxc6 Rxc6 20. Rxa7
Rac8 21. Bb4 h6 22. a4 Ne4 23. Rdd7 Rf6 24. f3 Nxc3 25. Bxc3 Rxc3 26. Re7 Rc5
27. Kf2 g5 28. g4 Kg7 29. Re8 Rf4 30. e3 Rf6 31. Raa8 Rb6 32. Rg8+ Kf6 33. Rgc8
Rb2+ 34. Kg3 Rd5 35. Rd8 Rc5 36. Rac8 Ra5 37. Rc4 Rb3 38. e4 Ra3 39. Rd7 R5xa4
40. Rc6+ Kg7 41. Rcc7 Rxe4 42. Rxf7+ Kg6 43. Rfd7 Rf4 44. Rg7+ 1/2-1/2

[Event "Druzynowe Mistrzostwa Polski - II Liga Seniorow"]
[Site "Ustron/Slaski Zwiazek Szachowy"]
[Date "2008.09.11"]
[Round "5.88"]
[White "Swiatnicki, Andrzej"]
[Black "Szczyrba, Daniel"]
[Result "1/2-1/2"]
[WhiteTitle "k"]
[BlackTitle "k"]
[WhiteElo "2192"]
[BlackElo "2191"]

1. e4 c5 2. c3 d5 3. exd5 Qxd5 4. d4 Nc6 5. Nf3 Nf6 6. Na3 e6 7. Be2 cxd4 8.
Nb5 Qd8 9. O-O Be7 10. Nbxd4 Nxd4 11. Nxd4 O-O 12. Bf3 e5 13. Nb3 Qc7 14. Bg5
Rd8 15. Qc2 Nd5 16. Bxe7 Nxe7 17. Rad1 Be6 18. Rxd8+ Rxd8 1/2-1/2

[Event "Druzynowe Mistrzostwa Polski - II Liga Seniorow"]
[Site "Ustron/Slaski Zwiazek Szachowy"]
[Date "2008.09.11"]
[Round "5.89"]
[White "Sroka, Janusz"]
[Black "Rupental, Janusz"]
[Result "1-0"]
[WhiteTitle "I++"]
[BlackTitle "I"]
[WhiteElo "2156"]
[BlackElo "2027"]

1. e4 e5 2. Nf3 d6 3. Bc4 Be6 4. Bxe6 fxe6 5. d4 exd4 6. Nxd4 Qd7 7. Qh5+ g6 8.
Qh3 e5 9. Ne6 Nc6 10. Qb3 Nf6 11. Nc3 Na5 12. Qb5 c6 13. Nxf8 cxb5 14. Nxd7
Kxd7 15. Bg5 Ne8 16. Nxb5 h6 17. Bc1 Nf6 18. f3 Rac8 19. Na3 g5 20. Bd2 Nc4 21.
Nxc4 Rxc4 22. c3 Ke6 23. Ke2 d5 24. b3 Rc7 25. exd5+ Nxd5 26. c4 Nf6 27. Rhd1
Rd7 28. Bc3 Rhd8 29. Rxd7 Rxd7 30. Rd1 Rxd1 31. Kxd1 g4 32. Ke2 gxf3+ 33. Kxf3
Kf5 34. h3 h5 35. Be1 a6 36. Bh4 Nd7 37. g4+ hxg4+ 38. hxg4+ Ke6 39. Ke4 Nc5+
40. Ke3 Nd7 41. Bd8 Nf8 42. Ke4 Nd7 43. b4 Nf8 44. g5 Ng6 45. Bc7 b5 46. c5 Ne7
47. Bxe5 Nc6 48. Bc3 a5 49. a3 axb4 50. axb4 Ne7 51. Bd2 Nd5 52. Be1 Ne7 53.
Bg3 Nc6 54. Be1 Ne7 55. Kf4 Ng6+ 56. Kg4 Ne5+ 57. Kh5 Kf7 58. Kh6 1-0

[Event "Druzynowe Mistrzostwa Polski - II Liga Seniorow"]
[Site "Ustron/Slaski Zwiazek Szachowy"]
[Date "2008.09.11"]
[Round "5.90"]
[White "Smolenska, Olga"]
[Black "Halamus, Agata"]
[Result "0-1"]
[WhiteTitle "I"]
[BlackTitle "I++"]
[WhiteElo "1932"]
[BlackElo "1935"]

1. e4 c5 2. Nf3 Nc6 3. c3 d5 4. exd5 Qxd5 5. d4 Bg4 6. Be2 Nf6 7. Na3 cxd4 8.
cxd4 e6 9. Nb5 Rc8 10. Bf4 Bxf3 11. gxf3 Bb4+ 12. Kf1 Qf5 13. Bd6 Qh3+ 14. Kg1
Nd5 15. Bxb4 Nf4 16. Bf1 Qh4 17. h3 Nxb4 18. Nd6+ Ke7 19. Nxc8+ Rxc8 20. Rc1
Nbd3 21. Rc2 Rc4 22. Rh2 Rxd4 23. Bxd3 Nxd3 24. Qe2 Qg5+ 25. Rg2 Qxg2+ 26. Kxg2
Nf4+ 27. Kf1 Nxe2 28. Kxe2 Kd6 29. Rc8 g6 30. Rd8+ Ke5 31. Rf8 f5 32. Rf7 Rb4
33. b3 h6 34. Ke3 a5 35. Rc7 a4 36. bxa4 Rxa4 37. Rxb7 Ra3+ 38. Rb3 Rxa2 39.
f4+ Kf6 40. Kf3 Ra1 41. Rb7 Ra3+ 42. Kg2 Ra4 43. Kf3 g5 44. fxg5+ hxg5 45. Kg3
Ra3+ 46. f3 f4+ 47. Kg4 Ra1 48. Rb8 Rg1+ 49. Kh5 Rg3 50. Rf8+ Ke5 51. Ra8 Rxh3+
52. Kxg5 Rg3+ 53. Kh4 Rxf3 54. Ra5+ Ke4 55. Kg5 Rd3 56. Ra4+ Rd4 57. Ra1 Kf3
58. Rf1+ Kg3 59. Re1 f3 60. Re3 Kg2 61. Rxe6 f2 62. Rg6 f1=Q 0-1

[Event "Druzynowe Mistrzostwa Polski - II Liga Seniorow"]
[Site "Ustron/Slaski Zwiazek Szachowy"]
[Date "2008.09.11"]
[Round "5.91"]
[White "Shkapenko, Pavel"]
[Black "Niedzwiedz, Marek"]
[Result "1/2-1/2"]
[WhiteTitle "IM"]
[BlackTitle "I++"]
[WhiteElo "2404"]
[BlackElo "2088"]

1. e4 c5 2. Nf3 d6 3. d4 cxd4 4. Qxd4 Nc6 5. Bb5 Bd7 6. Bxc6 Bxc6 7. Nc3 Nf6 8.
Bg5 e6 9. O-O-O Be7 10. Qd3 Qa5 11. Kb1 h6 12. Bd2 Qa6 13. Qxa6 bxa6 14. Rhe1
O-O 15. Nd4 Bb7 16. f3 d5 17. e5 Nd7 18. Nb3 Rab8 19. Be3 Nb6 20. Bxb6 axb6 21.
Ne2 Rfc8 22. Ned4 Bc6 23. f4 Bc5 24. f5 Bd7 25. g4 a5 26. Rf1 a4 27. Nc1 Bxd4
28. Rxd4 Rc4 29. Ne2 Rbc8 30. c3 exf5 31. gxf5 Re8 32. Rxd5 Bc6 33. Rd6 Rxe5
34. Nd4 Bd5 35. Kc1 b5 36. Kd2 b4 37. cxb4 Rxb4 38. b3 axb3 39. axb3 1/2-1/2

[Event "Druzynowe Mistrzostwa Polski - II Liga Seniorow"]
[Site "Ustron/Slaski Zwiazek Szachowy"]
[Date "2008.09.11"]
[Round "5.93"]
[White "Barwinski, Dionizy"]
[Black "Polok, Kacper"]
[Result "1-0"]
[WhiteTitle "FM"]
[BlackTitle "I"]
[WhiteElo "2183"]
[BlackElo "1903"]

1. d4 Nf6 2. c4 c5 3. d5 b5 4. cxb5 a6 5. b6 d6 6. Nc3 g6 7. e4 Bg7 8. Be2 O-O
9. Nf3 Nbd7 10. O-O Nxb6 11. h3 Ne8 12. Bf4 Nc7 13. a4 a5 14. Rc1 Ba6 15. Bxa6
Nxa6 16. Re1 Nb4 17. b3 c4 18. bxc4 Nxc4 19. Qe2 Rc8 20. Be3 Nxe3 21. Qxe3 Bxc3
22. Rxc3 Nc2 23. Rxc8 Qxc8 24. Qh6 Nxe1 25. Ng5 1-0

[Event "Druzynowe Mistrzostwa Polski - II Liga Seniorow"]
[Site "Ustron/Slaski Zwiazek Szachowy"]
[Date "2008.09.11"]
[Round "5.94"]
[White "Graczyk, Damian"]
[Black "Bartoszek, Henryk"]
[Result "1-0"]
[WhiteTitle "I"]
[BlackTitle "I"]
[WhiteElo "1863"]
[BlackElo "1981"]

1. d4 c5 2. d5 e5 3. e4 d6 4. c4 Nf6 5. Nc3 Qa5 6. Qc2 Nbd7 7. Bd2 a6 8. Nf3
Be7 9. g3 O-O 10. Bg2 Qc7 11. O-O b6 12. Nh4 g6 13. Bh6 Re8 14. Qd2 Ng4 15. Bg5
Qd8 16. Bxe7 Qxe7 17. h3 Ngf6 18. Rae1 Nh5 19. Kh2 Ndf6 20. Nf3 Bd7 21. a4 Reb8
22. Ng1 Be8 23. f4 Nd7 24. f5 f6 25. fxg6 Bxg6 26. Nf3 Qg7 27. Nh4 Kh8 28. Ne2
Rg8 29. g4 Nf4 30. Nxf4 exf4 31. Qxf4 Raf8 32. Qxd6 Ne5 33. b3 Qh6 34. Nxg6+
Rxg6 35. Kg1 Rfg8 36. Rxf6 Rxf6 37. Qxe5 Rg5 38. Qc3 Kg8 39. e5 Rf8 40. d6 Qh4
41. Bd5+ Kg7 42. e6+ Kh6 43. e7 Qf2+ 44. Kh1 Rf4 45. e8=Q Rfxg4 46. Qe6+ Rg6
47. Qxg4 Rxg4 48. hxg4 Qh4+ 49. Kg1 Qxg4+ 50. Bg2 1-0

[Event "Druzynowe Mistrzostwa Polski - II Liga Seniorow"]
[Site "Ustron/Slaski Zwiazek Szachowy"]
[Date "2008.09.11"]
[Round "5.97"]
[White "Szymanski, Piotr"]
[Black "Rys, Marek"]
[Result "1-0"]
[WhiteTitle "k+"]
[BlackTitle "II"]
[WhiteElo "2210"]
[BlackElo "1828"]

1. Nf3 Nf6 2. c4 e6 3. g3 d5 4. Bg2 Bd6 5. O-O O-O 6. d4 dxc4 7. Nbd2 c6 8.
Nxc4 Bc7 9. Qc2 Nbd7 10. e4 Nb6 11. e5 Nfd5 12. b3 Nb4 13. Qe2 a5 14. Bg5 Qe8
15. Qe4 N6d5 16. Bd2 b5 17. Ne3 Nxe3 18. fxe3 h6 19. Rfc1 Nd5 20. Ne1 Bd7 21.
Nd3 Bb6 22. a4 b4 23. Nc5 Bxc5 24. Rxc5 Qe7 25. Rf1 Qg5 26. Bf3 Qg6 27. Kg2
Qxe4 28. Bxe4 g6 29. g4 Kg7 30. Rf3 Rfc8 31. Bd3 Rf8 32. Be1 Rfe8 33. Bh4 Kg8
34. e4 Ne7 35. Rc1 Rab8 36. Bf6 Kh7 37. Rcf1 Ng8 38. Bh4 f5 39. exf6 1-0

[Event "Druzynowe Mistrzostwa Polski - II Liga Seniorow"]
[Site "Ustron/Slaski Zwiazek Szachowy"]
[Date "2008.09.11"]
[Round "5.99"]
[White "Sokolowski, Krzysztof"]
[Black "Rys, Sebastian"]
[Result "1-0"]
[WhiteTitle "I"]
[BlackTitle "I+"]
[WhiteElo "2021"]
[BlackElo "1973"]

1. e4 e5 2. Nf3 Nc6 3. Bb5 a6 4. Ba4 Nf6 5. O-O b5 6. Bb3 Be7 7. Re1 O-O 8. h3
d6 9. c3 Re8 10. d4 exd4 11. cxd4 h6 12. Nbd2 Bf8 13. Nf1 Ne7 14. Ng3 Ng6 15.
Qd3 c5 16. Bc2 c4 17. Qc3 Bb7 18. d5 Nd7 19. Be3 Rc8 20. Bd4 a5 21. Nf5 b4 22.
Qd2 Nde5 23. Qf4 Nxf3+ 24. Qxf3 Ne5 25. Qg3 Qg5 26. Qxg5 hxg5 27. Ba4 Nd3 28.
Re2 Bxd5 29. Bxe8 Rxe8 30. f3 g6 31. Ne3 Bc6 32. Rd1 Bb5 33. Red2 g4 34. hxg4
Bh6 35. Re2 Rc8 36. Nf1 Ba4 37. b3 cxb3 38. axb3 Bxb3 39. Rxd3 Bc4 40. Rdd2
Bxe2 41. Rxe2 a4 42. Ne3 b3 43. Rb2 Rb8 44. Nd5 Rb7 45. Nb6 Bc1 46. Rb1 Rxb6
47. Rxc1 Rb8 48. Bb2 Kf8 49. Kf2 Ra8 50. Ba3 Ke7 51. e5 Ke6 52. exd6 Rb8 53.
Rb1 Rc8 54. Re1+ Kd7 55. Re7+ Kd8 56. Rc7 Rb8 57. Rxf7 Rb5 58. Bb2 Rc5 59. Bf6+
1-0

[Event "Druzynowe Mistrzostwa Polski - II Liga Seniorow"]
[Site "Ustron/Slaski Zwiazek Szachowy"]
[Date "2008.09.11"]
[Round "5.100"]
[White "Sron, Przemyslaw"]
[Black "Michalak, Robert"]
[Result "0-1"]
[WhiteTitle "I"]
[BlackTitle "I++"]
[WhiteElo "1893"]
[BlackElo "1831"]

1. c4 c5 2. Nc3 Nc6 3. g3 g6 4. e3 Bg7 5. Nge2 Ne5 6. Nf4 d6 7. d3 Bg4 8. Be2
Bxe2 9. Qxe2 Nc6 10. O-O Nf6 11. a3 O-O 12. Rb1 a5 13. Bd2 e6 14. Qe1 Ne5 15.
Qe2 d5 16. Nb5 dxc4 17. d4 cxd4 18. exd4 Nc6 19. Qxc4 Rc8 20. Bc3 Nd5 21. Nxd5
exd5 22. Qd3 Re8 23. Rfe1 Qd7 24. Qd2 b6 25. a4 h5 26. Kg2 f5 27. Qf4 Re4 28.
Qd6 Qxd6 29. Nxd6 Rxe1 30. Rxe1 Rf8 31. Nb5 Kf7 32. Kf3 Rd8 33. Re3 g5 34. Ke2
g4 35. Kd3 Bh6 36. Re2 f4 37. Bd2 f3 38. Re1 Bxd2 39. Kxd2 Rd7 40. Kc3 Rd8 41.
Rc1 Kf6 42. Kd2 Nb4 43. Rc7 Re8 44. Nc3 Re6 45. Rh7 Kg6 46. Rd7 Na2 47. Nxa2
Re2+ 48. Kd3 Rxf2 49. Rd6+ Kf7 50. Rxd5 Rxh2 51. Nc3 Kg6 52. Ne4 Rxb2 53. Rd6+
Kg7 54. Rf6 Rb3+ 55. Kd2 Rb4 56. Ke3 Rb3+ 57. Kf4 f2 58. Ke5 h4 59. gxh4 g3 60.
Rf4 Re3 61. Rg4+ Kh6 62. Rxg3 Rxe4+ 63. Kxe4 f1=Q 64. Rf3 Qe1+ 65. Re3 Qxh4+
66. Kd5 Qd8+ 67. Kc4 Qd7 68. Re5 Qxa4+ 69. Kd5 Qd7+ 70. Ke4 a4 71. d5 Qg4+ 72.
Kd3 Qg3+ 73. Re3 Qg1 74. Re6+ Kg5 75. Re5+ Kf6 76. Re6+ Kf5 77. Re8 Qc5 78. Rd8
a3 79. Ke2 a2 0-1